[Event "Mechanics' Winter TNM; 30/90, SD/30"]
[Site "San Francisco"]
[Date "2009.01.20"]
[Round "3.1"]
[White "Shipman, Walter"]
[Black "Snyder, Larry"]
[Result "1/2-1/2"]
[WhiteElo "2235"]
[BlackElo "2055"]
[PlyCount "120"]
[EventDate "2009.??.??"]

1. d4 Nf6 2. Nc3 d5 3. Bg5 g6 4. f3 Bg7 5. e4 c6 6. Qd2 h6 7. Bf4 Nh5 8. Be3
dxe4 9. fxe4 e5 10. dxe5 Qxd2+ 11. Bxd2 Bxe5 12. Nf3 Bf4 13. Bc4 O-O 14. O-O
Bxd2 15. Nxd2 Nd7 16. Be2 Ng7 17. Nc4 Ne8 18. Bg4 Nb6 19. Bxc8 Rxc8 20. Nxb6
axb6 21. Rad1 Rc7 22. Na4 b5 23. Nc5 Ng7 24. Rd6 Re8 25. Rfd1 Ne6 26. Nxe6 Rxe6
27. Rxe6 fxe6 28. Kf2 e5 29. Rd8+ Kf7 30. h4 h5 31. Rb8 Ke6 32. Ke3 Rd7 33. g3
Kf6 34. c3 Ke6 35. Rg8 Kf7 36. Ra8 Ke6 37. Ra7 Kf6 38. Ke2 Ke6 39. a4 bxa4 40.
Rxa4 Kf6 41. Ra1 Ke6 42. Rf1 Rf7 43. Ra1 Rd7 44. Ra5 Kf6 45. Rc5 Ke6 46. b4 Kf6
47. b5 cxb5 48. Rxb5 Ke6 49. Rb6+ Kf7 50. Ke3 Rc7 51. Kd3 Rd7+ 52. Kc4 Rc7+ 53.
Kd5 Rxc3 54. Rxb7+ Kf6 55. Rb6+ Kg7 56. Kxe5 Rxg3 57. Rb7+ Kh6 58. Kd5 Rg4 59.
e5 Rxh4 60. e6 Rh1 1/2-1/2

[Event "Mechanics' Winter TNM; 30/90, SD/30"]
[Site "San Francisco"]
[Date "2009.01.20"]
[Round "3.16"]
[White "Shnaiderman, Lazar"]
[Black "Allen, Tom"]
[Result "1/2-1/2"]
[WhiteElo "1849"]
[BlackElo "1539"]
[PlyCount "53"]
[EventDate "2009.??.??"]

1. d4 Nf6 2. c4 e5 3. dxe5 Ng4 4. Nf3 Bc5 5. e3 Nc6 6. Be2 Ngxe5 7. Nc3 Nxf3+
8. Bxf3 Ne5 9. b3 a5 10. Bb2 Qf6 11. Be2 Bb4 12. O-O Bxc3 13. Bxc3 Nf3+ 14.
Bxf3 Qxc3 15. Qd4 Qxd4 16. exd4 O-O 17. Rfe1 Ra6 18. h3 Re6 19. d5 Ree8 20. Kf1
d6 21. Rxe8 Rxe8 22. Re1 Kf8 23. Be4 h6 24. Bc2 Rxe1+ 25. Kxe1 Ke7 26. Ke2 Kf6
27. Ke3 1/2-1/2

[Event "Mechanics' Winter TNM; 30/90, SD/30"]
[Site "San Francisco"]
[Date "2009.01.06"]
[Round "1.15"]
[White "Shnaiderman, Lazar"]
[Black "Hilliard, Michael"]
[Result "1-0"]
[WhiteElo "1849"]
[BlackElo "1437"]
[PlyCount "89"]
[EventDate "2009.??.??"]

1. d4 Nf6 2. c4 g6 3. Nc3 Bg7 4. e4 O-O 5. Nf3 d6 6. Be2 Bg4 7. Be3 Nbd7 8. O-O
e5 9. d5 b6 10. Nd2 Bxe2 11. Qxe2 Nc5 12. b4 Nb7 13. Nb3 a5 14. a3 a4 15. Nc1
Nh5 16. Nd3 f5 17. f3 f4 18. Bf2 Qg5 19. Qe1 Qe7 20. Rc1 Rfc8 21. Ne2 Nd8 22.
Rc2 Rab8 23. Nc3 Ra8 24. Qe2 Nf7 25. Nb2 Qd7 26. c5 bxc5 27. bxc5 Bf6 28. Nc4
Bd8 29. Rd1 Ng5 30. Rb2 Nf7 31. Qc2 g5 32. h3 Nf6 33. Rb7 Qe8 34. Rdb1 h5 35.
Qe2 Kh8 36. cxd6 Nxd6 37. Nxd6 cxd6 38. Nb5 Qf8 39. Na7 Rc3 40. Rb8 Rxb8 41.
Rxb8 Ne8 42. Rxd8 Rxa3 43. Qb5 Ra1+ 44. Kh2 a3 45. Rxe8 1-0

[Event "Mechanics' Summer TNM; 30/90, SD/30"]
[Site "San Francisco"]
[Date "2009.06.02"]
[Round "2.8"]
[White "Smelansky, Vadim"]
[Black "Argishti, Dante"]
[Result "1/2-1/2"]
[WhiteElo "1797"]
[BlackElo "2046"]
[PlyCount "119"]
[EventDate "2009.??.??"]

1. e4 e6 2. d4 d5 3. Nc3 Bb4 4. e5 c5 5. a3 Bxc3+ 6. bxc3 Nc6 7. Qg4 Nge7 8.
Nf3 Nf5 9. Bd3 h5 10. Qf4 Qa5 11. Bd2 c4 12. Bxf5 exf5 13. Qg5 Be6 14. O-O Kf8
15. Rfb1 Rb8 16. a4 b6 17. Nh4 Ne7 18. Rb5 Qa6 19. Bc1 Re8 20. Ba3 Qc8 21. Rab1
Qd8 22. Nxf5 Bxf5 23. Qxf5 Kg8 24. Bxe7 Rxe7 25. Qf3 Rd7 26. a5 Rh6 27. axb6
axb6 28. Qe3 h4 29. f4 h3 30. g3 Qa8 31. f5 Qa4 32. Qf2 Qa3 33. Qf3 Qa4 34. Qd1
Qa3 35. Qd2 Qa2 36. f6 Rg6 37. Rxb6 gxf6 38. exf6 Rd6 39. R6b2 Qa3 40. Rb8+ Kh7
41. Rf1 Rdxf6 42. Rxf6 Rxf6 43. Rb1 Rf3 44. Rf1 Rxf1+ 45. Kxf1 Qa1+ 46. Qe1 Qb2
47. Qd2 Qb1+ 48. Kf2 Qh1 49. Ke3 Kg6 50. Qf2 Qc1+ 51. Kf3 f5 52. Qe2 Qh1+ 53.
Ke3 Kg5 54. Kd2 Qg2 55. Kd1 Qg1+ 56. Kd2 Qg2 57. Kd1 Qg1+ 58. Kd2 Qg2 59. Ke3
Qg1+ 60. Kd2 1/2-1/2

[Event "Mechanics' Spring TNM; 30/90, SD/30"]
[Site "San Francisco"]
[Date "2009.04.28"]
[Round "7.16"]
[White "Smelansky, Vadim"]
[Black "Bultman, Charles"]
[Result "1-0"]
[WhiteElo "1798"]
[BlackElo "1724"]
[PlyCount "71"]
[EventDate "2009.??.??"]

1. e4 c5 2. Nc3 Nc6 3. g3 g6 4. Bg2 Bg7 5. Nge2 e6 6. d3 Nge7 7. O-O O-O 8. Be3
Nd4 9. f4 Nec6 10. Qd2 d6 11. Nd1 Bd7 12. c3 Nxe2+ 13. Qxe2 Rb8 14. e5 Qe7 15.
exd6 Qxd6 16. Nf2 b6 17. Rad1 Rbd8 18. Ne4 Qc7 19. h4 h5 20. Ng5 Ne7 21. Bf2
Bc6 22. Bh3 Nf5 23. Be1 Rd7 24. g4 hxg4 25. Bxg4 Rfd8 26. h5 gxh5 27. Nxe6 fxe6
28. Qxe6+ Kh8 29. Bxf5 Bd4+ 30. Kh2 Rd6 31. Qe2 Qg7 32. cxd4 Rg8 33. d5 Bxd5
34. Bc3 Qxc3 35. Qxh5+ Kg7 36. Rg1+ 1-0

[Event "Mechanics' Summer TNM; 30/90, SD/30"]
[Site "San Francisco"]
[Date "2009.06.30"]
[Round "6.18"]
[White "Smelansky, Vadim"]
[Black "Livschitz, Jennifer"]
[Result "0-1"]
[WhiteElo "1797"]
[BlackElo "1676"]
[PlyCount "42"]
[EventDate "2009.??.??"]

1. e4 e5 2. Nf3 Nc6 3. d4 exd4 4. Bc4 Nf6 5. e5 d5 6. Bb5 Ne4 7. Nxd4 Bd7 8.
Bxc6 bxc6 9. O-O Be7 (9... Bc5) 10. f3 Nc5 11. f4 O-O 12. f5 Bg5 13. Bxg5 {TN}
(13. Nc3 {is more common and possibly better.}) 13... Qxg5 14. Rf3 $6 (14. Qd2)
14... Ne4 (14... Rae8 15. Qd2 (15. Rg3 Qf4 16. f6 Ne4 17. Rxg7+ Kh8 18. Qe1
Qxe5) 15... Ne4) 15. Nc3 Nxc3 16. bxc3 (16. Rxc3) 16... c5 17. Rg3 Qf4 18. Nf3
$2 (18. Nb3 Qxe5 19. f6 Qxf6 20. Qxd5) 18... Bxf5 19. Qxd5 Qe3+ 20. Kh1 Be4 (
20... Qxc3 $1 21. Rf1 Rad8) 21. Re1 $4 (21. Qc4 Bxf3 22. Rxf3 Qxe5 23. Raf1 Qe7
(23... Qe6 24. Qxc5 Qxa2 25. Qxc7 {with good chances to draw.})) 21... Qxe1+
0-1

[Event "Mechanics' Summer TNM; 30/90, SD/30"]
[Site "San Francisco"]
[Date "2009.07.14"]
[Round "8.24"]
[White "Smelansky, Vadim"]
[Black "Morgan, Jerry"]
[Result "0-1"]
[WhiteElo "1797"]
[BlackElo "1406"]
[PlyCount "24"]
[EventDate "2009.??.??"]

1. e4 c6 2. Nf3 d5 3. exd5 cxd5 4. d4 Nf6 5. Nc3 Bg4 6. Bb5+ Nbd7 7. Bg5 Qc7 8.
Qe2 O-O-O 9. Bxd7+ Nxd7 10. Nb5 Bxf3 11. Nxc7 Bxe2 12. Kxe2 Kxc7 0-1

[Event "Mechanics' Spring TNM; 30/90, SD/30"]
[Site "San Francisco"]
[Date "2009.04.07"]
[Round "4.17"]
[White "Smelansky, Vadim"]
[Black "Nelson, Christopher"]
[Result "1-0"]
[WhiteElo "1798"]
[BlackElo "1420"]
[PlyCount "110"]
[EventDate "2009.??.??"]

1. e4 d5 2. exd5 Qxd5 3. Nc3 Qd8 4. d4 Nf6 5. Bc4 e6 6. Nf3 Be7 7. O-O c6 8.
Re1 O-O 9. Bf4 b5 10. Bd3 Na6 11. Qe2 Nc7 12. Be5 Ncd5 13. a3 a6 14. Bxf6 Bxf6
15. Ne4 Be7 16. g3 Qb6 17. Rad1 f5 18. Ned2 c5 19. c4 Nc7 20. d5 Bf6 21. d6
Qxd6 22. cxb5 Qe7 23. b6 Nd5 24. Nc4 Bb7 25. Qxe6+ Qxe6 26. Rxe6 Nf4 27. gxf4
Bxf3 28. Rde1 Bd5 29. Rd6 Bb7 30. Bxf5 Rfe8 31. Be6+ Kf8 32. Rd7 Re7 33. Rxe7
Bxe7 34. Ne5 g6 35. Rd1 Rd8 36. Rxd8+ Bxd8 37. Nd7+ Ke7 38. Nxc5 Bxb6 39. Nxb7
Kxe6 40. Kg2 Kd5 41. b4 Kc6 42. Na5+ Bxa5 43. bxa5 Kb5 44. Kf3 Kxa5 45. f5 gxf5
46. Kf4 Ka4 47. Kxf5 Kxa3 48. Ke6 a5 49. f4 a4 50. f5 Kb3 51. f6 a3 52. f7 a2
53. f8=Q a1=Q 54. Qf3+ Kc4 55. Qe4+ Qd4 1-0

[Event "Mechanics' Spring TNM; 30/90, SD/30"]
[Site "San Francisco"]
[Date "2009.03.24"]
[Round "2.8"]
[White "Smelansky, Vadim"]
[Black "Sanguinetti, George"]
[Result "0-1"]
[WhiteElo "1798"]
[BlackElo "2010"]
[PlyCount "70"]
[EventDate "2009.??.??"]

1. e4 Nf6 2. e5 Nd5 3. d4 d6 4. Nf3 Nc6 5. Bb5 a6 6. Bxc6+ bxc6 7. O-O Bg4 8.
h3 Bh5 9. c4 Nb6 10. Qe2 e6 11. b3 Be7 12. Nc3 O-O 13. Bb2 Rb8 14. Rfe1 Bxf3
15. Qxf3 Nxc4 16. bxc4 Rxb2 17. Qxc6 dxe5 18. dxe5 Bb4 19. Red1 Qg5 20. Na4 Re2
21. Qxc7 Bd2 22. Kf1 Rxf2+ 23. Kxf2 Qe3+ 24. Kf1 f6 25. Qd6 fxe5+ 26. Qxf8+
Kxf8 27. Rab1 e4 28. Rb3 Qd4 29. Nb6 e3 30. Ke2 Ke7 31. a4 Qe4 32. Rdb1 Qxg2+
33. Kd1 Bc3 34. Nc8+ Kd8 35. R3b2 Bxb2 0-1

[Event "Mechanics' Summer TNM; 30/90, SD/30"]
[Site "San Francisco"]
[Date "2009.06.09"]
[Round "3.9"]
[White "Smelansky, Vadim"]
[Black "Sanguinetti, George"]
[Result "1-0"]
[WhiteElo "1797"]
[BlackElo "2002"]
[PlyCount "67"]
[EventDate "2009.??.??"]

1. e4 d6 2. d4 g6 3. Bc4 Bg7 4. f4 Nh6 5. c3 O-O 6. Nf3 b6 7. O-O Ba6 8. Bxa6
Nxa6 9. Qa4 Qc8 10. Qc6 Qe8 11. Qc4 b5 12. Qd3 c6 13. a4 Nc7 14. axb5 cxb5 15.
Ra5 a6 16. Be3 e6 17. Nbd2 Ng4 18. Nb3 Nxe3 19. Qxe3 Bh6 20. g3 Qc6 21. Qd3
Rfc8 22. e5 Bf8 23. h4 Nd5 24. Nbd2 Nb6 25. Ne4 Nc4 26. Ra2 Be7 27. h5 dxe5 28.
fxe5 a5 29. Nfg5 Bxg5 30. Nxg5 Rc7 31. Ne4 a4 32. Qf3 Kh8 33. Qf6+ Kg8 34. h6
1-0

[Event "Mechanics' Summer TNM; 30/90, SD/30"]
[Site "San Francisco"]
[Date "2009.06.02"]
[Round "2.24"]
[White "Smith, Andrew"]
[Black "Bultman, Charles"]
[Result "0-1"]
[WhiteElo "1548"]
[BlackElo "1722"]
[PlyCount "98"]
[EventDate "2009.??.??"]

1. d4 Nf6 2. c4 g6 3. Nf3 Bg7 4. Nc3 d6 5. g3 O-O 6. Bg2 c6 7. O-O Qa5 8. Bd2
Qa6 9. b3 Re8 10. Re1 Nbd7 11. e4 e5 12. d5 cxd5 13. cxd5 Nc5 14. Bf1 Qb6 15.
Be3 Ng4 16. Na4 Qc7 17. Bxc5 dxc5 18. Rc1 Bf8 19. Qc2 b6 20. b4 Bd7 21. bxc5
Bxa4 22. Qxa4 Bxc5 23. Rc2 Qe7 24. Bb5 Red8 25. Bc6 Rac8 26. h3 Nf6 27. Nd2 Bb4
28. Re2 Bxd2 29. Rcxd2 Ne8 30. Bxe8 Rxe8 31. d6 Qb7 32. d7 Rc1+ 33. Kh2 Rd8 34.
Rd5 Qc7 35. Red2 Rc4 36. Qxc4 Qxc4 37. Rxe5 Kf8 38. f3 Qc6 39. Red5 b5 40. f4
a5 41. g4 b4 42. e5 a4 43. f5 gxf5 44. gxf5 b3 45. axb3 axb3 46. Rd6 Qe4 47. e6
fxe6 48. fxe6 b2 49. Rf2+ Ke7 0-1

[Event "Mechanics' Fall TNM; 30/90, SD/30"]
[Site "San Francisco"]
[Date "2009.11.03"]
[Round "3.30"]
[White "Smith, Andrew"]
[Black "Capdeville, Barry"]
[Result "1-0"]
[WhiteElo "1574"]
[BlackElo "1131"]
[PlyCount "47"]
[EventDate "2009.??.??"]

1. d4 Nf6 2. c4 c5 3. dxc5 Qa5+ 4. Nc3 Qxc5 5. e3 e6 6. Nf3 Be7 7. b3 O-O 8.
Bd3 Nc6 9. O-O d6 10. Bb2 Nb4 11. Ne4 Nxe4 12. Bxe4 e5 13. a3 Nc6 14. Qd3 f5
15. Bd5+ Kh8 16. Qc3 Bf6 17. b4 Qb6 18. Qb3 Ne7 19. e4 Nxd5 20. exd5 f4 21.
Rac1 Bf5 22. Kh1 Rac8 23. Nd2 Bd3 24. Qxd3 1-0

[Event "Mechanics' Fall TNM; 30/90, SD/30"]
[Site "San Francisco"]
[Date "2009.11.17"]
[Round "5.15"]
[White "Smith, Andrew"]
[Black "Goodall, Mike"]
[Result "1/2-1/2"]
[WhiteElo "1574"]
[BlackElo "1800"]
[PlyCount "61"]
[EventDate "2009.??.??"]

1. d4 Nf6 2. c4 g6 3. Nc3 Bg7 4. e4 d6 5. Nf3 O-O 6. Be2 c5 7. d5 e6 8. O-O Re8
9. a3 exd5 (9... Na6) 10. exd5 Nbd7 (10... Bf5 11. Bf4 Ne4) (10... Bg4 11. Bf4
a6 12. h3 Bxf3 13. Bxf3 Qc7 14. Re1 Nbd7) 11. Qc2 (11. Bf4) 11... Ne5 12. Nxe5
Rxe5 13. Bf4 Re8 14. Bd3 a6 15. Rfe1 Qc7 16. Rxe8+ Nxe8 17. Re1 Bd7 18. Ne4 Bf5
19. b4 b6 20. h3 Rc8 (20... Bxe4 21. Bxe4 Nf6 22. Bd3 Nd7 23. Qb3 Ne5 24. Bxe5
$6 Bxe5 $15) 21. g4 Bxe4 22. Rxe4 cxb4 23. Qe2 Kf8 24. axb4 Nf6 25. Re3 {
Diagram #} b5 $4 (25... Nd7 26. Kg2 a5 27. b5 Be5 28. Bxe5 $6 Nxe5 29. Re4 Nd7
30. Bc2 Nc5 31. Re3 Qd7 32. Qf3 Kg7 33. Kg3 Re8 34. Kg2 Rxe3 35. Qxe3 Kf8 36.
Kg3 Qe7 37. Qxe7+ Kxe7) 26. c5 $1 Ne8 27. Rxe8+ $2 (27. c6 $16) 27... Rxe8 $11
{Diagram #} 28. Bxd6+ $2 (28. Qd2 Be5 29. Bh6+ Kg8 30. c6 $44) 28... Qxd6 29.
Qxe8+ Kxe8 30. cxd6 Bc3 31. Kf1 (31. Kg2 Bxb4 32. Kf3 Bxd6 33. Ke4 Ke7 $17)
1/2-1/2

[Event "Mechanics' Summer TNM; 30/90, SD/30"]
[Site "San Francisco"]
[Date "2009.07.07"]
[Round "7.25"]
[White "Smith, Andrew"]
[Black "Lara, Jaime"]
[Result "1/2-1/2"]
[WhiteElo "1548"]
[BlackElo "1670"]
[PlyCount "82"]
[EventDate "2009.??.??"]

1. d4 d5 2. c4 c6 3. Nc3 Nf6 4. Nf3 dxc4 5. e4 b5 6. Bg5 Bg4 7. Be2 h6 8. Bxf6
exf6 9. a4 Bb4 10. axb5 cxb5 11. O-O Bxc3 12. bxc3 O-O 13. Qc2 Nd7 14. Ra2 Nb6
15. Rfa1 Na4 16. Bxc4 Rc8 17. Nd2 a6 18. Rxa4 bxa4 19. Rxa4 a5 20. Qa2 Ra8 21.
Nb3 Bd1 22. Qb1 Bxb3 23. Qxb3 Qc7 24. Qa2 Qf4 25. Qc2 h5 26. g3 Qd6 27. Qe2 g6
28. Qe3 Kg7 29. f4 Rfe8 30. Bd3 Rec8 31. c4 Rcb8 32. e5 fxe5 33. c5 exd4 34.
Rxd4 Qxc5 35. f5 Rd8 36. f6+ Kh7 37. Bxg6+ Kxg6 38. Rg4+ hxg4 39. Qxc5 Rd1+ 40.
Kg2 Rad8 41. Qxa5 R8d6 1/2-1/2

[Event "Mechanics' Fall TNM; 30/90, SD/30"]
[Site "San Francisco"]
[Date "2009.12.01"]
[Round "7.16"]
[White "Smith, Andrew"]
[Black "Salvo, Tab"]
[Result "0-1"]
[WhiteElo "1574"]
[BlackElo "1769"]
[PlyCount "56"]
[EventDate "2009.??.??"]

1. d4 d6 2. c4 c5 3. Nf3 cxd4 4. Nxd4 Nf6 5. Nc3 e6 6. Bg5 Be7 7. e4 Nc6 8.
Nxc6 bxc6 9. Bd3 e5 10. O-O O-O 11. b4 Be6 12. Qc2 a6 13. Rab1 h6 14. Bd2 Qc7
15. a4 Rfc8 16. Rfc1 Kh7 17. h3 Kg8 18. Be3 Qd7 19. Qe2 Rd8 20. Rd1 Qc8 21.
Rbc1 Bf8 22. Rc2 Qd7 23. Bb6 Rdb8 24. a5 g6 25. Rb2 Kh7 26. Na4 c5 27. Nc3 cxb4
28. Rxb4 d5 {Scoresheets disintegrate around here. 0-1 in 51 moves.} 0-1

[Event "Mechanics' Wilkerson Mem TNM; 30/90, SD"]
[Site "San Francisco"]
[Date "2009.09.22"]
[Round "8.14"]
[White "Smith, Andrew"]
[Black "Salvo, Tab"]
[Result "0-1"]
[WhiteElo "1548"]
[BlackElo "1698"]
[PlyCount "72"]
[EventDate "2009.??.??"]

1. d4 d6 2. Nf3 c5 3. Nc3 cxd4 4. Nxd4 e6 5. e4 a6 6. Be2 Nf6 7. Bg5 Be7 8. O-O
O-O 9. f4 Nbd7 10. Kh1 h6 11. Bh4 Ne8 12. Bg3 Qc7 13. f5 Ndf6 14. Qd2 Bd7 15.
Rf3 b5 16. a3 e5 17. Nb3 Rc8 18. Bf2 Bc6 19. Rg3 Kh7 20. Rh3 Bxe4 21. Nxe4 Nxe4
22. Qe3 Nxf2+ 23. Qxf2 Nf6 24. Bd3 d5 25. Rg1 e4 26. Be2 Qxc2 27. g4 Bc5 28.
Nxc5 Qxc5 29. Qh4 Ng8 30. g5 Rc6 31. gxh6 Rxh6 32. Qg5 Qd4 33. Rxh6+ Nxh6 34.
Qe7 Rc8 35. Bh5 Qf6 36. Qxf6 gxf6 0-1

[Event "Mechanics' Fall TNM; 30/90, SD/30"]
[Site "San Francisco"]
[Date "2009.12.15"]
[Round "9.16"]
[White "Smith, Andrew"]
[Black "Sherwood, Peter"]
[Result "0-1"]
[WhiteElo "1574"]
[BlackElo "1737"]
[PlyCount "112"]
[EventDate "2009.??.??"]

1. d4 d5 2. c4 dxc4 3. Nc3 Nf6 4. e4 e6 5. Bg5 Be7 6. Bxc4 Nxe4 7. Bxe7 Nxc3 8.
Bxd8 Nxd1 9. Bxc7 Nxb2 10. Bb3 Nd3+ 11. Ke2 Nb4 12. Nf3 Nd5 13. Bd6 Nd7 14.
Rhe1 N7b6 15. a4 a5 16. g3 Bd7 17. Kd2 f6 18. h4 Kf7 19. Bc5 Rhe8 20. g4 Bc6
21. Ng1 Nd7 22. Bd6 N5b6 23. Nh3 Bd5 24. Bxd5 Nxd5 25. Reb1 b6 26. Ra3 Rac8 27.
Ng1 Rc6 28. Bg3 Rec8 29. Ne2 Rc2+ 30. Kd1 R2c4 31. g5 Ke7 32. Rc1 Rxc1+ 33.
Nxc1 Rc4 34. Ne2 Nf8 35. Kd2 Kd7 36. Kd3 Rb4 37. Nc3 Kc6 38. Nb5 Ng6 39. Ke4
Nge7 40. Bd6 Rc4 41. Kd3 Rc1 42. Bxe7 Nxe7 43. gxf6 gxf6 44. Rc3+ Rxc3+ 45.
Nxc3 f5 46. Ke3 Nd5+ 47. Nxd5 Kxd5 48. Kd3 Kd6 49. f4 h5 50. Kc4 Kc6 51. Kc3 b5
52. axb5+ Kxb5 53. Kb3 a4+ 54. Kc3 a3 55. Kb3 a2 56. Kxa2 Kc4 0-1

[Event "Mechanics' Wilkerson Mem TNM; 30/90, SD"]
[Site "San Francisco"]
[Date "2009.08.04"]
[Round "2.14"]
[White "Smith, Andrew"]
[Black "Shin, Kyle"]
[Result "0-1"]
[WhiteElo "1548"]
[BlackElo "1956"]
[PlyCount "42"]
[EventDate "2009.??.??"]

1. d4 d5 2. c4 c6 3. Nf3 Nf6 4. Bg5 Bf5 5. Nc3 e6 6. e3 Nbd7 7. a3 Bd6 8. c5
Bc7 9. Nh4 h6 10. Bxf6 Nxf6 11. Nxf5 exf5 12. Be2 O-O 13. b4 Ne4 14. Nxe4 fxe4
15. O-O f5 16. f4 exf3 17. Rxf3 Qh4 18. Rh3 Qg5 19. Qd3 Rae8 20. Rh5 Qxe3+ 21.
Qxe3 Rxe3 {remainder illegible; B won in 28} 0-1

[Event "Mechanics' Fall TNM; 30/90, SD/30"]
[Site "San Francisco"]
[Date "2009.10.20"]
[Round "1.14"]
[White "Smith, Andrew"]
[Black "Todortsev, Victor"]
[Result "0-1"]
[WhiteElo "1574"]
[BlackElo "1960"]
[PlyCount "76"]
[EventDate "2009.??.??"]

1. d4 Nf6 2. c4 g6 3. Nc3 Bg7 4. Nf3 O-O 5. e4 d6 6. Be2 c5 7. d5 Na6 8. O-O
Bd7 9. Bf4 Nh5 10. Bg5 h6 11. Bd2 Nc7 12. Qc1 Kh7 13. Kh1 a6 14. a4 Rb8 15. Ng1
Nf6 16. f4 b5 17. axb5 axb5 18. Qc2 bxc4 19. Bxc4 Nb5 20. Nge2 Nd4 21. Nxd4
cxd4 22. Ne2 Qb6 23. b3 d3 24. Bxd3 Ng4 25. Ra6 Qxb3 26. Qxb3 Rxb3 27. Nc1 Rb2
28. Ra2 Rfb8 29. h3 Rxa2 30. Nxa2 Rb2 31. hxg4 Rxd2 32. Bb1 Bxg4 33. Nb4 Be2
34. Rc1 Bd4 35. Nc6 Be3 36. Nxe7 Bxf4 37. g3 Bxg3 38. Kg2 Bf4 0-1

[Event "Mechanics' Spring TNM; 30/90, SD/30"]
[Site "San Francisco"]
[Date "2009.04.07"]
[Round "4.7"]
[White "Snyder, Larry"]
[Black "Chernobilskiy, Mikhail"]
[Result "1-0"]
[WhiteElo "2062"]
[BlackElo "1801"]
[PlyCount "105"]
[EventDate "2009.??.??"]

1. e4 e5 2. Nf3 Nc6 3. d4 exd4 4. Nxd4 Bc5 5. Nb3 Bb6 6. a4 a6 7. Nc3 d6 8. Be2
Qh4 9. O-O Nf6 10. Nd5 Nxd5 11. exd5 Ne5 12. Nd2 Bd7 13. Nf3 Nxf3+ 14. Bxf3 O-O
15. a5 Ba7 16. Bd2 Rfe8 17. g3 Qh3 18. c4 Qf5 19. Qb3 b5 20. axb6 Bxb6 21. Rae1
a5 22. Rxe8+ Rxe8 23. Re1 Rxe1+ 24. Bxe1 Qb1 25. Qc3 Bh3 26. Bg2 Bf5 27. Bf1 h6
28. Bd2 Bc5 29. Qc1 Qxc1 30. Bxc1 Bd4 31. Be2 Bc2 32. Kf1 Kf8 33. f3 Ke7 34.
Ke1 Kd7 35. Kd2 Bb1 36. Bd1 f5 37. Ba4+ Ke7 38. Bc2 Bxc2 39. Kxc2 Bg1 40. h3
Bf2 41. g4 Kf6 42. Bf4 g5 43. Bd2 Bb6 44. Bc3+ Kg6 45. Kb3 h5 46. Ka4 fxg4 47.
fxg4 hxg4 48. hxg4 -- 49. Bxa5 Bxa5 50. Kxa5 Kf6 51. Kb5 Ke5 52. Kc6 Kf4 53.
Kxc7 1-0

[Event "Mechanics' Winter TNM; 30/90, SD/30"]
[Site "San Francisco"]
[Date "2009.01.27"]
[Round "4.4"]
[White "Snyder, Larry"]
[Black "Jaffray, John"]
[Result "1/2-1/2"]
[WhiteElo "2055"]
[BlackElo "1977"]
[PlyCount "86"]
[EventDate "2009.??.??"]

1. e4 d5 2. exd5 Qxd5 3. Nc3 Qa5 4. d4 Nf6 5. Nf3 Bf5 6. Bd2 Qb6 7. Bc4 c6 8.
Bb3 e6 9. O-O Nbd7 10. Na4 Qc7 11. c4 Bd6 12. Nc3 Bg4 13. h3 Bh5 14. Re1 O-O-O
15. c5 Bf4 16. Bxf4 Qxf4 17. Ne2 Qc7 18. g4 Bg6 19. Qc1 h5 20. g5 Nd5 21. Bxd5
exd5 22. Qf4 Be4 23. Nd2 Rde8 24. Qxc7+ Kxc7 25. Ng3 Bg6 26. h4 Kd8 27. f4 Bd3
28. f5 a5 29. Nb3 a4 30. Nd2 g6 31. f6 Rxe1+ 32. Rxe1 Re8 33. Rxe8+ Kxe8 34.
Kf2 b6 35. Ke3 Bc2 36. cxb6 Nxb6 37. Ke2 Kd7 38. Ngf1 Kd6 39. Ne3 Be4 40. b4
axb3 41. Nxb3 Na4 42. Nd1 c5 43. dxc5+ Nxc5 1/2-1/2

[Event "Mechanics' Spring TNM; 30/90, SD/30"]
[Site "San Francisco"]
[Date "2009.04.21"]
[Round "6.3"]
[White "Snyder, Larry"]
[Black "Krasnov, Steven"]
[Result "1-0"]
[WhiteElo "2062"]
[BlackElo "1941"]
[PlyCount "75"]
[EventDate "2009.??.??"]

1. e4 c6 2. d4 d5 3. exd5 cxd5 4. c4 Nf6 5. Nc3 e6 6. Nf3 Nc6 7. c5 Be7 8. Bg5
O-O 9. Rc1 Re8 10. Bb5 Bd7 11. O-O Qa5 12. a3 Ne4 13. Bxc6 Bxc6 14. Bxe7 Rxe7
15. Re1 Rd8 16. Ne5 Qc7 17. f3 Nxc3 18. Rxc3 f6 19. Ng4 e5 20. Rce3 Rde8 21.
Qe2 h5 22. Nf2 a6 23. b4 Bb5 24. Qd2 Bc4 25. Nd1 exd4 26. Qxd4 a5 27. Rxe7 Rxe7
28. Rxe7 Qxe7 29. Ne3 axb4 30. axb4 Kf8 31. Kf2 Qe6 32. Qf4 Ba6 33. Qf5 Qxf5
34. Nxf5 Kf7 35. b5 Bxb5 36. Nd6+ Ke6 37. Nxb5 Kd7 38. Nd4 1-0

[Event "Mechanics' Winter TNM; 30/90, SD/30"]
[Site "San Francisco"]
[Date "2009.01.06"]
[Round "1.5"]
[White "Snyder, Larry"]
[Black "Litowsky, Daniel"]
[Result "1-0"]
[WhiteElo "2055"]
[BlackElo "1700"]
[PlyCount "101"]
[EventDate "2009.??.??"]

1. e4 e5 2. Nf3 Nc6 3. d4 exd4 4. Nxd4 Nf6 5. Nxc6 bxc6 6. e5 Nd5 7. Bd3 g6 8.
O-O Bg7 9. a4 O-O 10. Re1 Re8 11. f4 d6 12. exd6 Rxe1+ 13. Qxe1 cxd6 14. a5 Qf6
15. Qe8+ Bf8 16. Qxc6 Qd4+ 17. Kh1 Rb8 18. Qc4 Qf2 19. Bf1 Bb7 20. Nc3 Nxc3 21.
bxc3 Qxc2 22. Be3 Rc8 23. Qb4 Qxc3 24. Qxc3 Rxc3 25. Bxa7 Rc2 26. a6 Be4 27.
Kg1 Bg7 28. Rb1 Bf6 29. Be3 Ra2 30. Rb8+ Kg7 31. a7 Ra1 32. Kf2 Ra2+ 33. Be2 h5
34. g3 Kh7 35. Bb6 Kg7 36. Ke3 Bd5 37. Bd3 Ra3 38. Rc8 Rb3 39. Bd4 Ra3 40. Rc7
Bg2 41. Bxf6+ Kxf6 42. Kd4 Ra5 43. Kc3 Ke6 44. Bc4+ d5 45. Bb3 Ra6 46. Kb4 Bf1
47. Kc5 Ra5+ 48. Kb6 Rb5+ 49. Kc6 Rxb3 50. a8=Q Rc3+ 51. Kb7 1-0

[Event "Mechanics' Winter TNM; 30/90, SD/30"]
[Site "San Francisco"]
[Date "2009.02.03"]
[Round "5.3"]
[White "Snyder, Larry"]
[Black "Manvelyan, Hayk"]
[Result "1/2-1/2"]
[WhiteElo "2055"]
[BlackElo "1969"]
[PlyCount "92"]
[EventDate "2009.??.??"]

1. e4 e6 2. d4 d5 3. Nd2 c5 4. exd5 Qxd5 5. Ngf3 cxd4 6. Bc4 Qd6 7. O-O Nf6 8.
Nb3 Nc6 9. Nbxd4 Nxd4 10. Nxd4 Bd7 11. c3 Qc7 12. Qe2 a6 13. h3 O-O-O 14. a4
Bd6 15. Rd1 Bc6 16. Nxc6 Qxc6 17. Be3 Bc7 18. Bb3 Rxd1+ 19. Rxd1 Rd8 20. Rxd8+
Kxd8 21. Qd3+ Ke7 22. Qd4 Nd5 23. Qxg7 Nxe3 24. Qg5+ Ke8 25. Qxe3 Qd6 26. g3
Bb6 27. Qf4 Qxf4 28. gxf4 Bc7 29. f5 exf5 30. Bc2 h6 31. Bxf5 a5 32. Kf1 Ke7
33. Ke2 b6 34. Kd3 Bd6 35. Kc4 Bc5 36. f4 Kd6 37. b4 axb4 38. cxb4 Be3 39. Kb5
Kc7 40. a5 bxa5 41. bxa5 Bxf4 42. Kc5 Be3+ 43. Kd5 h5 44. Ke5 h4 45. Kf6 Bf2
46. Kxf7 Kb7 1/2-1/2

[Event "Mechanics' Spring TNM; 30/90, SD/30"]
[Site "San Francisco"]
[Date "2009.03.24"]
[Round "2.14"]
[White "Snyder, Larry"]
[Black "Newey, Richard"]
[Result "1-0"]
[WhiteElo "2062"]
[BlackElo "1716"]
[PlyCount "83"]
[EventDate "2009.??.??"]

1. e4 c6 2. d4 d5 3. exd5 cxd5 4. c4 Nf6 5. Nc3 e6 6. Nf3 Bb4 7. cxd5 Nxd5 8.
Qc2 Nd7 9. Bd3 N7f6 10. O-O h6 11. a3 Nxc3 12. bxc3 Bd6 13. Re1 Bd7 14. Ne5 Rc8
15. Bb2 O-O 16. Qe2 Bc6 17. c4 Qc7 18. Nxc6 Bxh2+ 19. Kh1 bxc6 20. d5 Kh8 21.
dxe6 Qf4 22. Bxf6 gxf6 23. Qh5 fxe6 24. Qxh2 Qg5 25. Rxe6 Rcd8 26. Re3 Rd4 27.
Rh3 Kg7 28. Rg3 Rg4 29. Rxg4 Qxg4 30. Qg3 f5 31. Rb1 Kf6 32. Qxg4 fxg4 33. Rb7
Ke5 34. Kg1 Rd8 35. Be2 h5 36. Rxa7 Rd2 37. Bf1 Ra2 38. a4 Ra1 39. g3 Ke4 40.
a5 Kf3 41. Re7 Rxa5 42. Re3# 1-0